| 000 -ლიდერი |
| ფიქსირებული სიგრძის საკონტროლო ველი |
01001nam a2200241Ia 4500 |
| 001 - საკონტროლო ნომერი |
| საკონტროლო ველი |
7391 |
| 003 - საკონტროლო ნომრის იდენტიფიკატორი |
| საკონტროლო ველი |
GE_BSU |
| 005 - ბოლო ოპერაციის თარიღი და დრო |
| საკონტროლო ველი |
20191224174757.0 |
| 008 - ფიქსირებული სიგრძის მონაცემთა ელემენტები - ზოგადი ინფორმაცია |
| ფიქსირებული სიგრძის საკონტროლო ველი |
181216s2013||||ge |||||||||||||| ||geo|| |
| 010 ## - კონგრესის ბიბლიოთეკის საკონტროლო ნომერი |
| LC საკონტროლო ნომერი |
9739941211829 |
| 040 ## - კატალოგიზაციის წყარო |
| Transcribing agency |
GE_BSU |
| 041 ## - ენის კოდი |
| Language code of text/sound track or separate title |
geo |
| 080 ## - უნივერსალური ათობითი კლასიფიკაციის ინდექსი |
| Universal Decimal Classification number |
27-36+316(479.22) წ-71 |
| 245 ## - ცნობა სათაურის შესახებ |
| Title |
წმინდა დიმიტრი ყიფიანი / |
| Statement of responsibility, etc |
პროექტ. რედ. თამარ მამაცაშვილი, შემდგ. სოფიო თავაძე. |
| 264 ## - წარმოების, გამოცემის, დისტრიბუციის და სხვა ცნობები |
| გამოცემის, წარმოების, დისტრიბუციის... ადგილი |
თბილისი : |
| გამოცემის, წარმოების, დისტრიბუციის... სახელწოდება |
პალიტრა L, |
| გამოცემის, წარმოების, დისტრიბუციის... თარიღი |
2013. |
| 300 ## - ფიზიკური აღწერა |
| Extent |
135 გვ. ; |
| Other physical details |
20 სმ. |
| 490 ## - სერიის ცნობა |
| Series statement |
საქართველოს იმედი, |
| Volume number/sequential designation |
წ.20. |
| 653 ## - INDEX TERM--UNCONTROLLED |
| Uncontrolled term |
ქრისტიანობა |
| 653 ## - INDEX TERM--UNCONTROLLED |
| Uncontrolled term |
რელიგია |
| 700 ## - ADDED ENTRY--PERSONAL NAME |
| Personal name |
მამაცაშვილი, თამარ |
| Relator term |
რედაქტორი |
| 9 (RLIN) |
5964 |
| 700 ## - ADDED ENTRY--PERSONAL NAME |
| Personal name |
თავაძე, სოფიო |
| Relator term |
შემდგენელი |
| 9 (RLIN) |
5013 |
| 942 ## - ADDED ENTRY ELEMENTS (KOHA) |
| Koha item type |
წიგნი |
| Source of classification or shelving scheme |
|